Mecánica para ingenieros: Estática

Bibliographic Details
Main Author: Hibbeler, R. C.
Format: Section = Libro
Language:Undetermined
Spanish
Published: México CECSA 1995
Edition:6a ed.
Subjects:
LEADER 00719nam a2200265Ia 4500
008 240830s9999 xx 000 0 und d
040 |a B-ESTELÍ- RUACS / 620.103 H624 
041 |a spa 
082 |a 620.103 H624 
100 1 |a Hibbeler, R. C. 
245 1 0 |a Mecánica para ingenieros: Estática 
250 |a 6a ed. 
260 |a México  |b CECSA  |c 1995 
300 |a 594 p.: il. 
650 7 |a  MECÁNICA 
650 7 |b  ESTÁTICA 
650 7 |c  VECTORES 
650 7 |d  SISTEMAS CONCENTRADOS Y DISTRIBUIDOS - FUERZAS  
650 7 |e  EQUILIBRIO - CUERPOS RÍGIDOS 
650 7 |f  MASA DE INERCIA 
650 7 |g  TRABAJO VIRTUAL 
650 7 |h  ENERGÍA POTENCIAL 
942 |c BK  |2 ddc 
991 |a TEXTO 
999 |c 11157